000 00409nam a22001577a 4500
005 20260414123707.0
008 260414b |||||||| |||| 00| 0 eng d
020 _a9781015858817
050 _aHG 8782 .F56
_bC.1
100 _aFINNEY,A.H
245 _aINTRODUCTION TO ACTUARIAL SCIENCE
260 _aNEW YORK
_bAMERICAN INSTITUTE
_c ( 1920 )
300 _a100P
700 _aFINNEY,A.H
942 _2lcc
_cBK
999 _c216951
_d216951